000 00301nam a22001337a 4500
008 171024b xxu||||| |||| 00| 0 eng d
020 _a9780471509998
041 _aeng
080 _a331
100 _a55
101 _aSTA
245 _aELEMENTARY NUMERICAL ANALYSIS
_cATKINSON.K
942 _2udc
_cBK
999 _c35692
_d35692